| 000 | 00508nam a2200193 a 4500 | ||
|---|---|---|---|
| 001 | 31152 | ||
| 005 | 20180713234516.0 | ||
| 008 | 140415s1983 000 0 spa d | ||
| 020 | _a9684342764 | ||
| 041 | _aspa | ||
| 082 |
_a869 _bMEI |
||
| 100 | 1 | _aMEIRELES, CECILIA | |
| 245 | 1 | 3 | _aLA MATERIA DEL TIEMPO |
| 260 |
_a[s.l.] : _bPREMIA EDITORA DE LIBROS, _c1983 |
||
| 300 | _a96 | ||
| 490 |
_aLIBROS DEL BICHO _v51 |
||
| 650 | 1 | 4 | _aLITERATURA PORTUGUESA |
| 700 | 1 |
_aTERAN MARICELA _etr. |
|
| 999 |
_c31152 _d31152 |
||